000 01289nam a22002897a 4500
001 870
005 20230712155300.0
008 230712b cb ||||| |||| 00| 0 eng d
020 _a9780736845236
040 _aFISKH
_beng
_cFISKH
_dFISKH
050 _aE444.T82
082 _a305.5
100 _aNielson, Nancy J.
245 _aHarriet Tubman :
_bLet Freedom Ring /
_cAuthor : Nielson, Nancy J. ; Illustrator : Miller, Jo
260 _aMinnesota :
_bBridgestone,
_c2002
300 _a48 pages :
_billustrations,
_c23 cm
505 _aN
520 _aA biography of the African American woman best known for her work with the Underground Railroad, describing her childhood as a slave, her escape to the North, her assistance to the Union during the Civil War, and her accomplishments during the Reconstruction years in helping former slaves adapt to freedom.
521 _a560
_bLexile estimate
521 _aN
_bRaz-Plus
650 _aTupman, Harriet
_xJuvenile literature
650 _2Slaves
_aBiography
_vUnited States
_xJuvenile literature
650 _aAfrican American woman
_vBiography
_xJuvenile literature
650 _aAfrican American woman
_vBiography
_xJuvenile literature
650 _aUnderground Railroad
_xJuvenile literature
942 _2ddc
_cBK
_n0
999 _c870
_d870